000 00701nam a2200265Ia 4500
001 3434
005 20240113233629.0
007 ta
008 170215s1942 ii a g b000 u 465 u
040 _aCotton College,Assam
041 _a465
082 _a954.126
_bRe 27 Hi
100 _aReid, Sir Robert .
245 0 _aHistory of the Frontier Areas Bordering on Assam /
_cSir Robert Reid.
_hTextual Documents
250 _a1st ed. /
260 _aShillong :
_bGovt. of Assam ,
_c1942.
300 _a363p :
_bill ;
504 _aIndex
653 _aHistory-Assam
653 _aAssam History
653 _aRef-History
942 _2ddc
_cBK
999 _c3422
_d3422